000 00403nam a2200145Ia 4500
008 210210b1983 xxu||||| |||| 00| 0 eng d
020 _a19 561353 8
082 _a427.954 KACI
100 _aKACHRU (Braj B).
245 _aIndianization of english, the english language in India.
260 _aDelhi.
_bOxford University Press.,
_c1983
300 _axvi,280
690 _aEnglish Usage
906 _a041666
999 _c91369
_d91369